| 000 | 00516nam a2200157 4500 | ||
|---|---|---|---|
| 001 | 139341 | ||
| 003 | ES-MaACL | ||
| 005 | 20230906195755.0 | ||
| 007 | t| | ||
| 008 | 070214s1918 it r ||||1| ita d | ||
| 245 | 0 | 0 |
_aScritti vari pubblicati in occasione del terzo centenario della morte di Francesco Suarez / _cper cura del prof. Agostino Gemelli. |
| 260 |
_aMilano : _bVita e Pensiero, _c1918 ( _fA. Colombo) |
||
| 300 |
_a151 p. ; _c25 cm. |
||
| 700 | 1 |
_aGemelli, Agostino. _956282 |
|
| 852 |
_aES-MaACL _jF-4208 |
||
| 999 |
_c139341 _d139341 |
||